[Event "Eastern Asia-ch U20"]
[Site "Batangas"]
[Date "2019.12.14"]
[Round "7"]
[White "Lee, Care Greene"]
[Black "Diaz, Arlton Lance"]
[Result "1-0"]
[WhiteElo "1979"]
[BlackElo "1337"]
[PlyCount "91"]
[EventDate "2019.12.10"]
[EventType "swiss"]
[EventRounds "9"]
[EventCountry "PHI"]
[SourceTitle "CBM 193 Extra"]
[Source "ChessBase"]
[SourceDate "2020.01.31"]
[SourceVersion "1"]
[SourceVersionDate "2020.01.31"]
[SourceQuality "1"]

1. e4 c5 2. Nf3 Nc6 3. Bb5 g6 4. Bxc6 dxc6 5. d3 Bg7 6. h3 Nf6 7. Nc3 Nd7 8. Be3 e5 9. Qd2 h6 10. 0-0 b6 11. Nh2 Nf8 12. a4 a5 13. Ne2 g5 14. Ng3 Be6 15. Nh5 Bf6 16. Qe2 Qe7 17. Ng4 Bxg4 18. Qxg4 Ne6 19. g3 Ng7 20. Nxg7+ Bxg7 21. Kg2 Qd7 22. Qh5 0-0-0 23. b4 axb4 24. a5 bxa5 25. Rxa5 c4 26. Ra8+ Kb7 27. Ra7+ Kc8 28. Rxd7 Rxd7 29. dxc4 Kc7 30. Ra1 Rb8 31. Ra7+ Rb7 32. Rxb7+ Kxb7 33. h4 gxh4 34. gxh4 Kc7 35. Bxh6 Bxh6 36. Qxh6 Rd2 37. Qxd2 Kb6 38. Qxb4+ Kc7 39. Qe7+ Kb6 40. h5 c5 41. Qd7 f6 42. h6 f5 43. f3 f4 44. h7 Ka6 45. h8R Kb6 46. Rh6+ 1-0

[Event "Eastern Asia-ch U20"]
[Site "Batangas"]
[Date "2019.12.11"]
[Round "3"]
[White "Li, Westtland"]
[Black "Diaz, Arlton Lance"]
[Result "1-0"]
[WhiteElo "1166"]
[BlackElo "1337"]
[PlyCount "127"]
[EventDate "2019.12.10"]
[EventType "swiss"]
[EventRounds "9"]
[EventCountry "PHI"]
[SourceTitle "CBM 193 Extra"]
[Source "ChessBase"]
[SourceDate "2020.01.31"]
[SourceVersion "1"]
[SourceVersionDate "2020.01.31"]
[SourceQuality "1"]

1. e4 c5 2. Nf3 Nc6 3. d4 cxd4 4. Nxd4 Nf6 5. Nc3 e5 6. Ndb5 d6 7. Nd5 Nxd5 8. exd5 Ne7 9. Be2 Ng6 10. 0-0 a6 11. Nc3 Be7 12. Kh1 0-0 13. Bh5 f5 14. Bxg6 hxg6 15. f4 e4 16. a4 Kf7 17. Ne2 Rh8 18. c4 Qb6 19. Qd4 Qxd4 20. Nxd4 Bd7 21. a5 Rac8 22. b3 Bf6 23. Be3 b5 24. axb6 Ra8 25. b7 Rab8 26. Rxa6 Rxb7 27. Rxd6 Ke7 28. c5 Bb5 29. Nxb5 Rxb5 30. Rb1 Rb4 31. Ra6 Rd8 32. Ra7+ Kf8 33. c6 Bd4 34. Bxd4 Rxd4 35. c7 Rc8 36. b4 e3 37. Kg1 Rxf4 38. b5 e2 39. d6 Rd4 40. Re1 Rxd6 41. Rxe2 Rb6 42. Rd2 Ke7 43. Rd5 Ke8 44. Kf2 Ke7 45. Ke3 Re6+ 46. Kd3 Re1 47. Kd2 Re6 48. Kc3 Re1 49. b6 Rc1+ 50. Kb2 Rc4 51. Rb5 Kd6 52. b7 R8xc7 53. b8Q Rc2+ 54. Ka1 Rc1+ 55. Rb1 R1c6 56. Rxc7 Rxc7 57. Rc1 Ke6 58. Qxc7 Kf6 59. Qd8+ Ke5 60. g3 Ke4 61. Rf1 Ke3 62. Rf4 Ke2 63. Qd4 Ke1 64. Rf2 1-0